|
|
|
|
| LEADER |
00000cam a2200000 7i4500 |
| 001 |
0000023478 |
| 005 |
20110930.0 |
| 008 |
110927s -us# eng |
| 020 |
|
|
|a 9780787984014
|
| 040 |
|
|
|a INS
|
| 090 |
0 |
0 |
|a BV3785.S69
|b S77 2006
|
| 100 |
1 |
|
|a Strober, Deborah Hart
|
| 245 |
1 |
0 |
|a Billy Graham : an oral and narrative biography
|c Deborah Hart Strober and Gerald S.Strober
|
| 260 |
|
|
|a San Francisco :
|b Jossey-Bass ,
|c 2006
|
| 300 |
|
|
|a xx, 170p. ;
|c 23cm.
|
| 500 |
|
|
|a Includes index
|
| 600 |
0 |
0 |
|a Graham, Billy ,
|d 1918 -
|
| 650 |
|
0 |
|a Evangelists
|z United States
|x Biography
|
| 700 |
1 |
|
|a Strober, Gerald S
|
| 999 |
|
|
|a 1000000109
|b BOOK
|c Open Shelf
|e Default branch
|